00457nam a2200169Ia 4500003000400000005001700004008004100021020001800062040000600080041001200086082001800098100002200116245005900138260004000197300001300237440003700250OSt20240926113900.0240126s9999 xx 000 0 und d a9780231084413 c0 aEnglish a327 BAL;1 R aBaldwin, David A. 0aNeorealism and neoliberalism : the contemporary debate bColumbia University PressaNew York axii, 377 anew directions in world politics